| 000 | 00506nam a2200169 a 4500 | ||
|---|---|---|---|
| 005 | 20250116063843.0 | ||
| 008 | 030702s1970 mx r 000 0 spa d | ||
| 035 | _aUPN01000127108 | ||
| 049 | _aCG | ||
| 050 | 4 |
_aLA422 _bA6.6 v.3 |
|
| 245 | 0 | 0 |
_aConferencias y seminarios / _cConsejo Nacional Técnico de la Educación. |
| 260 |
_aMéxico : _bSEP, _c[1970?]. |
||
| 300 | _a286 p. | ||
| 440 | 0 |
_aAportaciones al estudio de los problemas de la educación ; _v3 |
|
| 650 | 4 |
_aEducación _9682 |
|
| 905 | _aLibro | ||
| 999 |
_c99287 _d99287 |
||